Prison Break - Personnages en Images - Statistiques

Statistiques générales
  • Ce quiz a été pris 4 235 fois
  • Le résultat moyen est 10 sur 16
Statistiques - réponses
Par images Réponse % Correct
Theodore Bagwell
96%
Fernando Sucre
92%
Lincoln Burrows
89%
Michael Scofield
83%
Sara Tancredi
81%
John Abruzzi
69%
Brad Bellick
68%
Alexander Mahone
64%
Charles Patoshik
54%
Charles Westmoreland
54%
Veronica Donovan
54%
Paul Kellerman
52%
Benjamin Miles Franklin
46%
Gretchen Morgan
45%
Donald Self
23%
Général Jonathan Krantz
18%
Aucun quiz correspondant
Distribution des résultats
% des personnes avec chaque résultat
Percentile par nombre de réponses
Votre historique - résultats
Vous n’avez pas pris ce quiz